zpět

Detail výsledku týmu

Restaurace Jednota, Karlovy Vary

Datum a čas kvízu

25 Celkem bodů Celkový počet nahraných bodů na tomto kvízu bez doplňovacích otázek.
5. Pořadí na kvízu Konečné umístění týmu na tomto kvízu.

Zaznamenané odpovědi

# Otázka Odpověď Body Výsledky
1. Jedna kavárna na Šumavě zařadi... o smažený sýr 1
2. Na Slovensku byl schválen záko... B 0
3. Fotografií roku 2025 se v sout... A) konec hlubinné těžby uhlí na Ostravsku 0
4. Společnost Ryanair se dostala... o Elona Muska 0
5. Ve kterém sportu povede nově č... A 1
6. Jak se jmenuje horolezec, jenž... Radek Jaroš 0
7. Jak se trojslovně jmenuje tato... lezení na rychlost 0
8. Jak se jedním slovem nazývá ho... mačky 1
9. Po půl bodu můžete získat, kdy... El Capitan, Yosemite 0
10. Jak se jmenuje fenomenální slo... B) Janja Garnbret 0